Central Library and Information Centre
Sibsagar Girls' College, Sivasagar : Assam

SAMAJIK KRANTI ARU NARI (Record no. 5311)

MARC details
000 -LEADER
fixed length control field 00318cam a2200145ua 4500
008 - FIXED-LENGTH DATA ELEMENTS--GENERAL INFORMATION
fixed length control field 120404n II |||gr||||Z||||||asm
040 ## - CATALOGING SOURCE
Original cataloging agency MAIN
041 ## - LANGUAGE CODE
-- English
082 ## - DEWEY DECIMAL CLASSIFICATION NUMBER
Classification number 305.42 BHA
100 ## - MAIN ENTRY--PERSONAL NAME
Personal name BHAGAWATI , BIMAL .
245 ## - TITLE STATEMENT
Title SAMAJIK KRANTI ARU NARI
942 ## - ADDED ENTRY ELEMENTS (KOHA)
Koha item type Books
653 ## - INDEX TERM--UNCONTROLLED
Uncontrolled term WOMEN STUDIES
Holdings
Withdrawn status Lost status Damaged status Not for loan Collection code Home library Current library Shelving location Date acquired Full call number Barcode Date last seen Copy number Price effective from Koha item type
        TBCHE Central Library and Information Centre Sibsagar Girls College Central Library and Information Centre Sibsagar Girls College Location Not Found 15.05.1975 305.42 BHA 04991 27.02.2020 1 27.02.2020 Books


Sibsagar Girl's College © 2020. All rights reserved.
Powered by Koha.
Maintained by Abhijit Borpuzari.